| 000 | 00612nam a2200241 i 4500 | ||
|---|---|---|---|
| 001 | bgj | ||
| 100 | 1 |
_aNGUGI WA THIONG'O, _d(1938- ). |
|
| 245 | 1 | 0 |
_aA grain of wheat / _cNGUGI WA THIONG'O. |
| 250 | _aRevised edition. | ||
| 260 |
_aOxford [etc.] : _bHeinemann, _c1986. |
||
| 300 |
_a247 pp ; _c20 cm. |
||
| 490 | 1 |
_aAfrican Writers Series ; _v36 |
|
| 651 | 9 | _aKenya | |
| 651 | 9 | _aKenya | |
| 655 | _aFiction | ||
| 830 | _aAfrican Writers Series ; | ||
| 020 | _a0435909878 | ||
| 040 | _cBPK | ||
| 041 | 0 | _aeng | |
| 920 | _a0-435-90987-8 | ||
| 942 | _cKS | ||
| 008 | s uk f |000 0 eng | ||
| 999 |
_c47977 _d47977 |
||